| 000 | 01038nam0a22002651 4500 | ||
|---|---|---|---|
| 001 | rc\965119 | ||
| 005 | 20041129100623.0 | ||
| 035 | _a(NLR Aleph) 006134474 | ||
| 090 |
_a5596269 _c5596269 |
||
| 100 | _a20041129d1982 u |0rusy50 ca | ||
| 101 | 0 | _arus | |
| 102 | _aRU | ||
| 105 | _aa ||||||||| | ||
| 200 | 1 | _aАнализ развития и технико-экономической эффективности гидравлической добычи угля | |
| 210 |
_aМ. _cЦНИЭИуголь _d1982 |
||
| 215 |
_a57 с. _cил. _d20 |
||
| 225 | 1 |
_aОбзор _iСерия "Добыча угля подземным способом" _fЦНИИ экономики и НТИ угольной пром-сти _vВып. 9 |
|
| 320 | _aБиблиогр.: с. 57 (11 назв.) | ||
| 700 | 1 |
_aЭкбер _bБ. Я. _gБорис Яковлевич |
|
| 701 | 1 |
_aМаркус _bМ. Н. _gМирон Никанорович |
|
| 801 | 0 |
_aRU _bNLR _gpsbo |
|
| 801 | 1 |
_aRU _bELAR _2rusmarc |
|
| 852 |
_aNLR _jП10/5939 |
||
| 942 | _cBOOK | ||
| 980 | _aNB | ||